|
|
|
|
| LEADER |
00883nam a2200217Ia 4500 |
| 001 |
CTU_129063 |
| 008 |
210402s9999 xx 000 0 und d |
| 020 |
|
|
|c 2012000
|
| 082 |
|
|
|a 658.4033
|
| 082 |
|
|
|b K29
|
| 100 |
|
|
|a Keller, Gerald
|
| 245 |
|
0 |
|a Applied statistics with Microsoft Excel
|
| 245 |
|
0 |
|c Gerald Keller
|
| 260 |
|
|
|a Pacific Grove, CA
|
| 260 |
|
|
|b Duxbury/Thomson Learning
|
| 260 |
|
|
|c 2001
|
| 650 |
|
|
|a Microsoft Excel (Computer file),Management,Economics,Statistics,Microsoft Excel ( Tệp máy tính ),Quản trị,Kinh tế,Thống kê
|
| 650 |
|
|
|x Statistical methods.,Statistical methods.,Computer programs.,Các phương pháp thống kê,Các phương pháp thống kê,Chương trình máy tính
|
| 904 |
|
|
|i Minh
|
| 910 |
|
|
|a Sách kèm đĩa AVA.000034
|
| 980 |
|
|
|a Trung tâm Học liệu Trường Đại học Cần Thơ
|